[Event "Watson Farley Williams Challenge"]
[Site "London"]
[Date "1988.05.27"]
[Round "1"]
[White "Arkell, Keith C"]
[Black "Lalic, Susan"]
[Result "1-0"]
[WhiteElo "2425"]
[BlackElo "2340"]
[PlyCount "101"]
[EventDate "1988.05.27"]
[EventType "tourn"]
[EventRounds "11"]
[EventCountry "ENG"]
[EventCategory "8"]
[SourceTitle "BritBase"]
[Source "John Saunders"]
[SourceDate "2022.12.30"]
[SourceVersion "1"]
[SourceVersionDate "2022.12.30"]
[SourceQuality "1"]

1. f4 d5 2. Nf3 Bf5 3. e3 Nf6 4. b3 e6 5. Bb2 Be7 6. Be2 h6 7. O-O c5 8. h3 Nc6
9. d3 O-O 10. g4 Bh7 11. Nbd2 Qc7 12. Ne5 Rad8 13. Qe1 Nd7 14. Nxc6 Qxc6 15.
Nf3 b5 16. Qg3 a6 17. g5 hxg5 18. Nxg5 Bg6 19. Nxe6 Qxe6 20. f5 Qd6 21. Qxd6
Bxd6 22. fxg6 fxg6 23. Bf3 Nb6 24. a4 bxa4 25. bxa4 Be7 26. a5 Na8 27. Rab1 Bg5
28. e4 Be3+ 29. Kg2 d4 30. Ba3 Rf7 31. Bg4 Re7 32. Rb2 Re5 33. Rb7 c4 34. Rff7
Bh6 35. Bb4 cxd3 36. cxd3 Rb5 37. Be6 Rxb7 38. Rxb7+ Kh7 39. Be7 Re8 40. Bf7
Rc8 41. Bd6 Bd2 42. e5 Bxa5 43. e6 Bc7 44. Bxc7 Nxc7 45. e7 Ne8 46. Rd7 Nf6 47.
Rd8 Rc2+ 48. Kf3 Rh2 49. e8=Q Nxe8 50. Rxe8 Rxh3+ 51. Ke4 1-0

[Event "Watson Farley Williams Challenge"]
[Site "London"]
[Date "1988.05.27"]
[Round "1"]
[White "Levitt, Jonathan"]
[Black "Hodgson, Julian M"]
[Result "0-1"]
[WhiteElo "2445"]
[BlackElo "2480"]
[PlyCount "116"]
[EventDate "1988.05.27"]
[EventType "tourn"]
[EventRounds "11"]
[EventCountry "ENG"]
[EventCategory "8"]
[SourceTitle "BritBase"]
[Source "John Saunders"]
[SourceDate "2022.12.30"]
[SourceVersion "1"]
[SourceVersionDate "2022.12.30"]
[SourceQuality "1"]

1. d4 Nf6 2. c4 c5 3. d5 b5 4. Nf3 g6 5. cxb5 a6 6. Nc3 axb5 7. d6 Bg7 8. dxe7
Qxe7 9. Nxb5 O-O 10. e3 d5 11. Be2 Nc6 12. O-O Bf5 13. Bd2 Ne4 14. Bc3 Nxc3 15.
bxc3 Rfd8 16. a4 h5 17. Re1 Na5 18. Nd2 Be5 19. Nf3 Bf6 20. Bd3 Be4 21. Ra2 Nc4
22. Qe2 Ra5 23. Rd1 Nb6 24. Bxe4 Qxe4 25. Nd2 Qe7 26. Rda1 Rda8 27. Qd1 Qd7 28.
Nb3 Rxa4 29. Rxa4 Rxa4 30. Rxa4 Nxa4 31. c4 d4 32. exd4 cxd4 33. g3 d3 34. Nd2
Nc5 35. Qf3 Bg5 36. Qa8+ Kh7 37. Qa2 Qg4 38. Nc3 Bxd2 39. Qxd2 Qxc4 40. Nd1 Qc2
41. Qe1 Qe2 42. Qf1 Ne4 43. Ne3 Nd2 44. Qd1 h4 45. Kg2 h3+ 46. Kxh3 Ne4 47. Qf1
Nxf2+ 48. Kg2 Ng4+ 49. Kh3 f5 50. Qxe2 dxe2 51. Nc2 Nf2+ 52. Kh4 Nd3 53. Kg5
e1=Q 54. Nxe1 Nxe1 55. h4 Nf3+ 56. Kf4 Nd4 57. Kg5 Kg7 58. g4 Ne6# 0-1

[Event "Watson Farley Williams Challenge"]
[Site "London"]
[Date "1988.05.27"]
[Round "1"]
[White "Norwood, David"]
[Black "Hebden, Mark L"]
[Result "1-0"]
[WhiteElo "2460"]
[BlackElo "2475"]
[PlyCount "61"]
[EventDate "1988.05.27"]
[EventType "tourn"]
[EventRounds "11"]
[EventCountry "ENG"]
[EventCategory "8"]
[SourceTitle "BritBase"]
[Source "John Saunders"]
[SourceDate "2022.12.30"]
[SourceVersion "1"]
[SourceVersionDate "2022.12.30"]
[SourceQuality "1"]

1. Nf3 Nf6 2. d4 c5 3. e3 g6 4. c4 Bg7 5. Nc3 O-O 6. Be2 d5 7. O-O cxd4 8. exd4
Nc6 9. h3 Bf5 10. Re1 Rc8 11. c5 Ne4 12. Bf4 Nxc3 13. bxc3 Na5 14. Qa4 b6 15.
Ba6 Bd7 16. Qb4 bxc5 17. dxc5 Ra8 18. Rad1 Bc8 19. Bf1 Bb7 20. Nd4 Rc8 21. Bg5
Re8 22. Bb5 Bc6 23. Nxc6 Nxc6 24. Qh4 Bxc3 25. Bxc6 Rxc6 26. Rxe7 Rxe7 27. Bxe7
Qd7 28. Bd6 d4 29. Qf6 h5 30. Rb1 Rc8 31. Be5 1-0

[Event "Watson Farley Williams Challenge"]
[Site "London"]
[Date "1988.05.27"]
[Round "1"]
[White "Westerinen, Heikki MJ"]
[Black "Evans, Larry D"]
[Result "1/2-1/2"]
[WhiteElo "2395"]
[BlackElo "2495"]
[PlyCount "30"]
[EventDate "1988.05.27"]
[EventType "tourn"]
[EventRounds "11"]
[EventCountry "ENG"]
[EventCategory "8"]
[SourceTitle "BritBase"]
[Source "John Saunders"]
[SourceDate "2022.12.30"]
[SourceVersion "1"]
[SourceVersionDate "2022.12.30"]
[SourceQuality "1"]

1. e4 c5 2. Nf3 d6 3. d4 cxd4 4. Nxd4 Nf6 5. Nc3 e6 6. Bd3 Be7 7. O-O O-O 8.
Kh1 Nc6 9. Be3 e5 10. Nb3 Be6 11. Nd5 Bxd5 12. exd5 Nb4 13. c4 b5 14. cxb5
Nbxd5 15. Bd2 Qb6 1/2-1/2

[Event "Watson Farley Williams Challenge"]
[Site "London"]
[Date "1988.05.28"]
[Round "2"]
[White "Fedorowicz, John P"]
[Black "Norwood, David"]
[Result "1-0"]
[WhiteElo "2560"]
[BlackElo "2460"]
[PlyCount "69"]
[EventDate "1988.05.27"]
[EventType "tourn"]
[EventRounds "11"]
[EventCountry "ENG"]
[EventCategory "8"]
[SourceTitle "BritBase"]
[Source "John Saunders"]
[SourceDate "2022.12.30"]
[SourceVersion "1"]
[SourceVersionDate "2022.12.30"]
[SourceQuality "1"]

1. d4 Nf6 2. c4 c5 3. d5 e6 4. Nc3 exd5 5. cxd5 d6 6. Nf3 g6 7. Nd2 Nbd7 8. e4
Bg7 9. Be2 O-O 10. O-O Re8 11. a4 Ne5 12. Ra3 g5 13. Qc2 a6 14. Nd1 b6 15. g3
g4 16. Qb1 Ra7 17. b4 Rae7 18. bxc5 bxc5 19. Rb3 Ned7 20. Ne3 Ne5 21. Rb8 Qc7
22. Rxc8 Qxc8 23. Nf5 Rd7 24. Bb2 Bf8 25. Qc1 h6 26. Nc4 Kh7 27. Bxe5 dxe5 28.
Nb6 Qb7 29. Nxd7 Qxd7 30. Qc2 Qa7 31. Rb1 c4 32. Qxc4 Bc5 33. Kg2 a5 34. d6 Rd8
35. Ne7 1-0

[Event "Watson Farley Williams Challenge"]
[Site "London"]
[Date "1988.05.28"]
[Round "2"]
[White "Hebden, Mark L"]
[Black "Arkell, Keith C"]
[Result "1/2-1/2"]
[WhiteElo "2475"]
[BlackElo "2425"]
[PlyCount "61"]
[EventDate "1988.05.27"]
[EventType "tourn"]
[EventRounds "11"]
[EventCountry "ENG"]
[EventCategory "8"]
[SourceTitle "BritBase"]
[Source "John Saunders"]
[SourceDate "2022.12.30"]
[SourceVersion "1"]
[SourceVersionDate "2022.12.30"]
[SourceQuality "1"]

1. e4 e6 2. Nc3 d5 3. d4 Bb4 4. e5 Ne7 5. Bd2 b6 6. h4 Nf5 7. Nf3 c5 8. Bd3 Ba6
9. Bxf5 exf5 10. Ne2 Bxd2+ 11. Qxd2 Nc6 12. Nf4 O-O 13. dxc5 bxc5 14. Nxd5 Nd4
15. Nf4 Nxf3+ 16. gxf3 Qxd2+ 17. Kxd2 Rad8+ 18. Kc3 Rd4 19. Nh5 Rc4+ 20. Kd2
Rd8+ 21. Kc1 Bb7 22. Rh3 g6 23. Nf6+ Kg7 24. c3 Rf4 25. Kc2 Bxf3 26. Rg1 Be4+
27. Kb3 Rxf2 28. h5 Bd5+ 29. Ka3 Be6 30. hxg6 hxg6 31. Rd1 1/2-1/2

[Event "Watson Farley Williams Challenge"]
[Site "London"]
[Date "1988.05.28"]
[Round "2"]
[White "Hodgson, Julian M"]
[Black "Westerinen, Heikki MJ"]
[Result "1/2-1/2"]
[WhiteElo "2480"]
[BlackElo "2395"]
[PlyCount "63"]
[EventDate "1988.05.27"]
[EventType "tourn"]
[EventRounds "11"]
[EventCountry "ENG"]
[EventCategory "8"]
[SourceTitle "BritBase"]
[Source "John Saunders"]
[SourceDate "2022.12.30"]
[SourceVersion "1"]
[SourceVersionDate "2022.12.30"]
[SourceQuality "1"]

1. d4 c5 2. d5 e5 3. e4 d6 4. Nc3 Be7 5. Nf3 a6 6. a4 Bg4 7. Be2 Bxf3 8. Bxf3
Bg5 9. a5 Nh6 10. Bxg5 Qxg5 11. Na4 Nd7 12. Ra3 c4 13. Qd2 Qxd2+ 14. Kxd2 f5
15. exf5 O-O 16. g4 g6 17. fxg6 hxg6 18. Re1 Rf4 19. h3 Raf8 20. Ree3 Nf7 21.
h4 Nh6 22. Ke2 Nxg4 23. Bxg4 Rxg4 24. Rg3 Rff4 25. Rxg4 Rxg4 26. Rg3 Re4+ 27.
Kf3 Rf4+ 28. Kg2 Kf7 29. Rf3 Kf6 30. Nc3 Kf5 31. Nd1 Ke4 32. Nc3+ 1/2-1/2

[Event "Watson Farley Williams Challenge"]
[Site "London"]
[Date "1988.05.28"]
[Round "2"]
[White "King, Daniel J"]
[Black "Motwani, Paul"]
[Result "0-1"]
[WhiteElo "2475"]
[BlackElo "2465"]
[PlyCount "120"]
[EventDate "1988.05.27"]
[EventType "tourn"]
[EventRounds "11"]
[EventCountry "ENG"]
[EventCategory "8"]
[SourceTitle "BritBase"]
[Source "John Saunders"]
[SourceDate "2022.12.30"]
[SourceVersion "1"]
[SourceVersionDate "2022.12.30"]
[SourceQuality "1"]

1. e4 e5 2. Nf3 Nc6 3. Bb5 Nf6 4. d3 d6 5. Nbd2 g6 6. c3 Bg7 7. Nf1 O-O 8. Ng3
Qe7 9. O-O Nd8 10. Re1 Ne6 11. d4 h5 12. h3 Nh7 13. a4 Qf6 14. Be3 Nf4 15. Bxf4
Qxf4 16. Qc1 Qf6 17. Qe3 Qe7 18. a5 a6 19. Bc4 Bf6 20. Rad1 Kg7 21. Qe2 Ng5 22.
Nxg5 Bxg5 23. Nf1 Bf4 24. g3 Bh6 25. h4 Bg4 26. f3 Bd7 27. Ne3 c6 28. Bb3 Rae8
29. Nc4 exd4 30. cxd4 d5 31. Ne5 Bc8 32. Qd3 dxe4 33. fxe4 Be6 34. Kg2 Qb4 35.
Bxe6 Rxe6 36. Nc4 Rd8 37. Re2 Kg8 38. d5 cxd5 39. exd5 Rxe2+ 40. Qxe2 Qb5 41.
Qd3 Bf8 42. d6 Qc6+ 43. Kh2 Qc5 44. d7 Qf2+ 45. Kh3 Bg7 46. b3 Kh7 47. Rd2 Qe1
48. Kg2 f5 49. Qf3 Qe4 50. Qxe4 fxe4 51. Nb6 Kg8 52. Rc2 Kf7 53. Rc4 Be5 54.
Kf2 Bb8 55. Ke3 Bxg3 56. Kxe4 Bxh4 57. Kd5 Bf6 58. Rc7 h4 59. Rxb7 h3 60. Rc7
g5 0-1

[Event "Watson Farley Williams Challenge"]
[Site "London"]
[Date "1988.05.28"]
[Round "2"]
[White "Lalic, Susan"]
[Black "Levitt, Jonathan"]
[Result "1-0"]
[WhiteElo "2340"]
[BlackElo "2445"]
[PlyCount "83"]
[EventDate "1988.05.27"]
[EventType "tourn"]
[EventRounds "11"]
[EventCountry "ENG"]
[EventCategory "8"]
[SourceTitle "BritBase"]
[Source "John Saunders"]
[SourceDate "2022.12.30"]
[SourceVersion "1"]
[SourceVersionDate "2022.12.30"]
[SourceQuality "1"]

1. e4 e6 2. d4 d5 3. Nd2 c5 4. exd5 Qxd5 5. Ngf3 cxd4 6. Bc4 Qd6 7. O-O Nf6 8.
Nb3 Nc6 9. Nbxd4 Nxd4 10. Nxd4 a6 11. c3 Qc7 12. Bb3 Bd6 13. h3 O-O 14. Qf3 b6
15. Re1 Bb7 16. Qd3 Rfe8 17. Bg5 Nd5 18. Nf5 Bh2+ 19. Kh1 Nf4 20. Qd6 Nxg2 21.
Kxh2 Qxd6+ 22. Nxd6 Nxe1 23. Rxe1 Reb8 24. Nxb7 Rxb7 25. Rd1 Kf8 26. Bc2 Rc8
27. Rd6 a5 28. Be4 Rbb8 29. Kg2 b5 30. Ra6 b4 31. Bf4 Rb5 32. Bc6 Rf5 33. Bd6+
Kg8 34. Bd7 Rd8 35. Bc7 Rf8 36. Bxa5 bxc3 37. Bxc3 h5 38. Ra5 Rxa5 39. Bxa5 Ra8
40. b4 Kf8 41. a4 Ke7 42. Bc6 1-0

[Event "Watson Farley Williams Challenge"]
[Site "London"]
[Date "1988.05.28"]
[Round "2"]
[White "Sadler, Matthew D"]
[Black "Evans, Larry D"]
[Result "1-0"]
[WhiteElo "2385"]
[BlackElo "2495"]
[PlyCount "132"]
[EventDate "1988.05.27"]
[EventType "tourn"]
[EventRounds "11"]
[EventCountry "ENG"]
[EventCategory "8"]
[SourceTitle "BritBase"]
[Source "John Saunders"]
[SourceDate "2022.12.30"]
[SourceVersion "1"]
[SourceVersionDate "2022.12.30"]
[SourceQuality "1"]

1. d4 Nf6 2. c4 g6 3. Nc3 Bg7 4. e4 d6 5. f3 O-O 6. Bg5 c5 7. d5 h6 8. Be3 e6
9. Qd2 exd5 10. cxd5 h5 11. Nge2 a6 12. a4 Nbd7 13. Nc1 b6 14. Nd3 Rb8 15. Be2
Re8 16. O-O Nf8 17. Nf2 Qd7 18. Rfb1 Qc7 19. Ra2 N6d7 20. b3 Bb7 21. Rc1 Rbc8
22. f4 Qd8 23. Bf3 Nb8 24. Rac2 a5 25. Be2 Na6 26. Re1 Nb4 27. Rcc1 Ba6 28. Nb5
Re7 29. Rcd1 Bxb5 30. Bxb5 Nd7 31. Bc4 Qf8 32. Re2 Rd8 33. Qe1 Bf6 34. e5 dxe5
35. Ne4 Qg7 36. fxe5 Rxe5 37. Bh6 Qh8 38. Bf4 Rf5 39. Bc7 Bd4+ 40. Kh1 Rf8 41.
Bd6 Re8 42. Ng3 Rxe2 43. Qxe2 Re5 44. Bxe5 Qxe5 45. Qe4 Kf8 46. Rf1 Nf6 47.
Qxe5 Bxe5 48. d6 Nc6 49. Ne4 Nxe4 50. Rxf7+ Ke8 51. Rc7 Nd4 52. Re7+ Kf8 53.
Rf7+ Ke8 54. Re7+ Kf8 55. Rxe5 Nxd6 56. Bd5 Kg7 57. g3 Kf6 58. Re1 g5 59. Kg2
g4 60. h3 gxh3+ 61. Kxh3 N6f5 62. Re8 Nd6 63. Rh8 b5 64. axb5 N6xb5 65. Rxh5
Nc3 66. Bc4 Ne4 1-0

[Event "Watson Farley Williams Challenge"]
[Site "London"]
[Date "1988.05.30"]
[Round "3"]
[White "Arkell, Keith C"]
[Black "Fedorowicz, John P"]
[Result "1/2-1/2"]
[WhiteElo "2425"]
[BlackElo "2560"]
[PlyCount "58"]
[EventDate "1988.05.27"]
[EventType "tourn"]
[EventRounds "11"]
[EventCountry "ENG"]
[EventCategory "8"]
[SourceTitle "BritBase"]
[Source "John Saunders"]
[SourceDate "2022.12.30"]
[SourceVersion "1"]
[SourceVersionDate "2022.12.30"]
[SourceQuality "1"]

1. d4 Nf6 2. Nf3 e6 3. Bf4 c5 4. c3 b6 5. e3 Bb7 6. Be2 Be7 7. h3 cxd4 8. cxd4
O-O 9. Nc3 d6 10. O-O a6 11. Rc1 Nbd7 12. a4 Re8 13. Bh2 Bf8 14. Qb3 Rc8 15.
Rc2 Nb8 16. Nd2 d5 17. Na2 Nc6 18. Rfc1 Na5 19. Qd3 Qd7 20. Rxc8 Rxc8 21. Rxc8
Qxc8 22. Qc3 Qd7 23. b3 Nc6 24. Bf4 h6 25. Bf1 Qc8 26. Be2 Be7 27. Kf1 Kf8 28.
Qc2 Ke8 29. Nc1 Nb4 1/2-1/2

[Event "Watson Farley Williams Challenge"]
[Site "London"]
[Date "1988.05.30"]
[Round "3"]
[White "Levitt, Jonathan"]
[Black "Hebden, Mark L"]
[Result "1-0"]
[WhiteElo "2445"]
[BlackElo "2475"]
[PlyCount "95"]
[EventDate "1988.05.27"]
[EventType "tourn"]
[EventRounds "11"]
[EventCountry "ENG"]
[EventCategory "8"]
[SourceTitle "BritBase"]
[Source "John Saunders"]
[SourceDate "2022.12.30"]
[SourceVersion "1"]
[SourceVersionDate "2022.12.30"]
[SourceQuality "1"]

1. d4 Nf6 2. c4 c5 3. d5 b5 4. Nf3 g6 5. cxb5 a6 6. Nc3 axb5 7. d6 Qa5 8. e3
exd6 9. Bxb5 Ba6 10. Bxa6 Qxa6 11. a4 Bg7 12. Nb5 O-O 13. O-O Qc6 14. Nxd6 Ra6
15. Nb5 d5 16. b3 Ne4 17. Rb1 Ra8 18. Qc2 Na6 19. Ba3 Rfc8 20. Nd2 f5 21. Rbc1
Qe6 22. Rfd1 Bf8 23. Nxe4 fxe4 24. Qc3 Rd8 25. Bb2 Kf7 26. Qh8 h5 27. f3 Be7
28. Qg7+ Ke8 29. fxe4 Qxe4 30. Qg8+ Kd7 31. Qxd5+ Qxd5 32. Rxd5+ Ke8 33. e4
Rac8 34. Rcd1 Rxd5 35. exd5 Kd7 36. Rf1 Nc7 37. Nxc7 Rxc7 38. Be5 Rb7 39. d6
Bd8 40. Rf7+ Kc6 41. Rxb7 Kxb7 42. Kf2 Kc6 43. Kf3 Kd5 44. Kf4 Ba5 45. d7 Ke6
46. Ke4 Bd8 47. h3 h4 48. Bf4 1-0

[Event "Watson Farley Williams Challenge"]
[Site "London"]
[Date "1988.05.30"]
[Round "3"]
[White "Motwani, Paul"]
[Black "Sadler, Matthew D"]
[Result "0-1"]
[WhiteElo "2465"]
[BlackElo "2385"]
[PlyCount "80"]
[EventDate "1988.05.27"]
[EventType "tourn"]
[EventRounds "11"]
[EventCountry "ENG"]
[EventCategory "8"]
[SourceTitle "BritBase"]
[Source "John Saunders"]
[SourceDate "2022.12.30"]
[SourceVersion "1"]
[SourceVersionDate "2022.12.30"]
[SourceQuality "1"]

1. e4 c5 2. Nf3 d6 3. d4 cxd4 4. Nxd4 Nf6 5. Nc3 a6 6. Be3 e5 7. Nf3 h6 8. Bc4
Be7 9. Qe2 O-O 10. O-O-O Nc6 11. Nh4 b5 12. Bb3 Na5 13. Nf5 Bxf5 14. exf5 Nxb3+
15. axb3 d5 16. Kb1 d4 17. f4 Qa5 18. Na2 dxe3 19. fxe5 Nh7 20. f6 gxf6 21.
Qxe3 fxe5 22. Rd7 Bg5 23. Qg3 Nf6 24. h4 Ne4 25. Qxe5 Rae8 26. Qd5 Nf6 27. Qd1
Nxd7 28. hxg5 Ne5 29. Nc3 Qd8 30. Qf1 Qxg5 31. Ne4 Qg6 32. Nf6+ Kg7 33. Nxe8+
Rxe8 34. Qf2 Ng4 35. Qd4+ Nf6 36. Rf1 Re6 37. Rf2 Re1+ 38. Ka2 Re6 39. b4 Qg5
40. b3 Qe5 0-1

[Event "Watson Farley Williams Challenge"]
[Site "London"]
[Date "1988.05.30"]
[Round "3"]
[White "Westerinen, Heikki MJ"]
[Black "Lalic, Susan"]
[Result "1/2-1/2"]
[WhiteElo "2395"]
[BlackElo "2340"]
[PlyCount "28"]
[EventDate "1988.05.27"]
[EventType "tourn"]
[EventRounds "11"]
[EventCountry "ENG"]
[EventCategory "8"]
[SourceTitle "BritBase"]
[Source "John Saunders"]
[SourceDate "2022.12.30"]
[SourceVersion "1"]
[SourceVersionDate "2022.12.30"]
[SourceQuality "1"]

1. e4 c6 2. d4 d5 3. e5 c5 4. dxc5 Nc6 5. Bb5 e6 6. Be3 Nge7 7. Nf3 Nf5 8. Bd4
Nfxd4 9. Qxd4 Qa5+ 10. Nc3 Qxb5 11. Nxb5 Nxd4 12. Nbxd4 Bxc5 13. c3 Bd7 14. Kd2
Ke7 1/2-1/2

[Event "Watson Farley Williams Challenge"]
[Site "London"]
[Date "1988.05.31"]
[Round "4"]
[White "Fedorowicz, John P"]
[Black "Levitt, Jonathan"]
[Result "1/2-1/2"]
[WhiteElo "2560"]
[BlackElo "2445"]
[PlyCount "101"]
[EventDate "1988.05.27"]
[EventType "tourn"]
[EventRounds "11"]
[EventCountry "ENG"]
[EventCategory "8"]
[SourceTitle "BritBase"]
[Source "John Saunders"]
[SourceDate "2022.12.30"]
[SourceVersion "1"]
[SourceVersionDate "2022.12.30"]
[SourceQuality "1"]

1. d4 Nf6 2. c4 e6 3. Nf3 b6 4. a3 Bb7 5. Nc3 d5 6. cxd5 Nxd5 7. Qc2 Nxc3 8.
bxc3 Nd7 9. e4 c5 10. Bd3 Qc7 11. Qb1 g6 12. O-O Bg7 13. a4 O-O 14. a5 Rfe8 15.
Bg5 Rab8 16. axb6 axb6 17. Bh4 Ra8 18. Bg3 Qc8 19. Rxa8 Qxa8 20. Re1 Rc8 21. h3
c4 22. Bf1 Qa5 23. Qb2 b5 24. Bd6 Qa6 25. Bb4 Ra8 26. Qd2 Nf6 27. Qf4 Qc6 28.
Ne5 Qc7 29. g4 g5 30. Qf3 Ne8 31. Qe3 Bxe5 32. dxe5 Qxe5 33. Bc5 h6 34. Bd4 Qc7
35. h4 e5 36. Bb6 Qe7 37. Rd1 Bc6 38. Bg2 f6 39. Bc5 Qe6 40. Bf3 Kf7 41. Bb4
Kg7 42. Qc5 gxh4 43. Kg2 Rc8 44. Ba3 Qf7 45. Bc1 Rc7 46. Qe3 Qg6 47. Rd8 Bd7
48. Kh2 Qg5 49. Qe1 Qg6 50. Qe3 Qg5 51. Qe1 1/2-1/2

[Event "Watson Farley Williams Challenge"]
[Site "London"]
[Date "1988.05.31"]
[Round "4"]
[White "Hebden, Mark L"]
[Black "Westerinen, Heikki MJ"]
[Result "0-1"]
[WhiteElo "2475"]
[BlackElo "2395"]
[PlyCount "104"]
[EventDate "1988.05.27"]
[EventType "tourn"]
[EventRounds "11"]
[EventCountry "ENG"]
[EventCategory "8"]
[SourceTitle "BritBase"]
[Source "John Saunders"]
[SourceDate "2022.12.30"]
[SourceVersion "1"]
[SourceVersionDate "2022.12.30"]
[SourceQuality "1"]

1. d4 Nf6 2. Nf3 g6 3. Nc3 d5 4. Bf4 Bg7 5. e3 O-O 6. Be2 Bg4 7. h3 Bxf3 8.
Bxf3 c6 9. O-O Nbd7 10. Re1 Re8 11. e4 dxe4 12. Nxe4 Nxe4 13. Bxe4 e5 14. dxe5
Bxe5 15. Bxe5 Nxe5 16. c3 Qxd1 17. Raxd1 Rad8 18. Rxd8 Rxd8 19. Bc2 Re8 20. Re4
Kf8 21. a4 Nd7 22. Rd4 Re1+ 23. Kh2 Ke7 24. Kg3 h6 25. f4 Nc5 26. f5 Re2 27.
fxg6 fxg6 28. Bxg6 Rxb2 29. Rh4 Kf6 30. Rxh6 Kg7 31. Rh5 Nxa4 32. Bd3 Nxc3 33.
h4 Nd5 34. Be4 Nf6 35. Rg5+ Kf8 36. Bf5 Rb5 37. Kf4 Nd5+ 38. Kf3 Ne7 39. g4
Nxf5 40. gxf5 Kf7 41. h5 Kf6 42. Rg6+ Kxf5 43. Rg7 Rb3+ 44. Ke2 a5 45. h6 b5
46. Rc7 Ke4 47. Rxc6 Kd4 48. h7 Rh3 49. Rc7 a4 50. Kd2 b4 51. Kc2 Rh2+ 52. Kb1
a3 0-1

[Event "Watson Farley Williams Challenge"]
[Site "London"]
[Date "1988.05.31"]
[Round "4"]
[White "King, Daniel J"]
[Black "Arkell, Keith C"]
[Result "1/2-1/2"]
[WhiteElo "2475"]
[BlackElo "2425"]
[PlyCount "73"]
[EventDate "1988.05.27"]
[EventType "tourn"]
[EventRounds "11"]
[EventCountry "ENG"]
[EventCategory "8"]
[SourceTitle "BritBase"]
[Source "John Saunders"]
[SourceDate "2022.12.30"]
[SourceVersion "1"]
[SourceVersionDate "2022.12.30"]
[SourceQuality "1"]

1. e4 c6 2. d4 d5 3. exd5 cxd5 4. c4 Nf6 5. Nc3 g6 6. Qb3 Bg7 7. cxd5 O-O 8.
Be2 Nbd7 9. Bf3 Nb6 10. Bg5 Bg4 11. Bxf6 Bxf3 12. Nxf3 Bxf6 13. a4 a5 14. O-O
Qd6 15. Ra3 Rfd8 16. Ne4 Qb4 17. d6 Nc4 18. Qxb4 axb4 19. Rb3 Rxa4 20. Nc5 Ra2
21. dxe7 Bxe7 22. Rxb4 Nxb2 23. Rxb7 Bxc5 24. dxc5 Nd3 25. c6 Rc8 26. Rb3 Nf4
27. Ne5 f6 28. Ng4 Rxc6 29. Rb8+ Kf7 30. Rb7+ Ke6 31. Rxh7 f5 32. Ne3 Ne2+ 33.
Kh1 Rc1 34. g3 Rxf1+ 35. Nxf1 Nc3 36. Rc7 Rxf2 37. Rxc3 1/2-1/2

[Event "Watson Farley Williams Challenge"]
[Site "London"]
[Date "1988.05.31"]
[Round "4"]
[White "Lalic, Susan"]
[Black "Evans, Larry D"]
[Result "0-1"]
[WhiteElo "2340"]
[BlackElo "2495"]
[PlyCount "76"]
[EventDate "1988.05.27"]
[EventType "tourn"]
[EventRounds "11"]
[EventCountry "ENG"]
[EventCategory "8"]
[SourceTitle "BritBase"]
[Source "John Saunders"]
[SourceDate "2022.12.30"]
[SourceVersion "1"]
[SourceVersionDate "2022.12.30"]
[SourceQuality "1"]

1. e4 c5 2. c3 d5 3. exd5 Qxd5 4. d4 cxd4 5. cxd4 Nc6 6. Nf3 e6 7. Nc3 Bb4 8.
Bd3 Nf6 9. O-O Qd8 10. Bg5 h6 11. Bh4 Be7 12. Rc1 a6 13. Re1 Nb4 14. Bb1 b5 15.
Ne5 Bb7 16. Qe2 O-O 17. Ng6 Re8 18. Nxe7+ Qxe7 19. a3 Nbd5 20. Nxd5 Bxd5 21.
Rc5 Rad8 22. Qc2 Rd7 23. Rc8 Red8 24. h3 Bb7 25. Rxd8+ Qxd8 26. Rc1 g5 27. Bg3
Rxd4 28. Kh2 Qd5 29. Rg1 Ne4 30. Qc7 Nxg3 31. Qxg3 Kg7 32. Qc3 Qd6+ 33. Kh1 e5
34. Qc2 Be4 35. Qe2 Bxb1 36. Rxb1 Rd2 37. Qe3 Qd4 38. Kg1 Rxb2 0-1

[Event "Watson Farley Williams Challenge"]
[Site "London"]
[Date "1988.05.31"]
[Round "4"]
[White "Motwani, Paul"]
[Black "Norwood, David"]
[Result "1-0"]
[WhiteElo "2465"]
[BlackElo "2460"]
[PlyCount "73"]
[EventDate "1988.05.27"]
[EventType "tourn"]
[EventRounds "11"]
[EventCountry "ENG"]
[EventCategory "8"]
[SourceTitle "BritBase"]
[Source "John Saunders"]
[SourceDate "2022.12.30"]
[SourceVersion "1"]
[SourceVersionDate "2022.12.30"]
[SourceQuality "1"]

1. e4 g6 2. d4 Bg7 3. Nf3 d6 4. Nc3 Nf6 5. h3 O-O 6. Be3 c6 7. a4 Nbd7 8. a5
Rb8 9. Be2 b5 10. axb6 axb6 11. O-O Qc7 12. d5 Bb7 13. Nd4 Nc5 14. Ra7 Ra8 15.
Nxc6 Nfxe4 16. Nxe4 Nxe4 17. c3 e6 18. Rxa8 Bxa8 19. Nb4 e5 20. Qa4 f5 21. Nc6
Nc5 22. Qb5 Nd7 23. f3 Bb7 24. Ra1 Bf6 25. Ra7 Ra8 26. Rxa8+ Bxa8 27. Qa4 Qc8
28. Bb5 Nc5 29. Qa7 Qb7 30. Qxb7 Bxb7 31. b4 Nd7 32. Na7 Nf8 33. Bc6 Bxc6 34.
dxc6 Bd8 35. Nc8 d5 36. Bxb6 Ne6 37. Bxd8 1-0

[Event "Watson Farley Williams Challenge"]
[Site "London"]
[Date "1988.06.01"]
[Round "5"]
[White "Arkell, Keith C"]
[Black "Motwani, Paul"]
[Result "1/2-1/2"]
[WhiteElo "2425"]
[BlackElo "2465"]
[PlyCount "83"]
[EventDate "1988.05.27"]
[EventType "tourn"]
[EventRounds "11"]
[EventCountry "ENG"]
[EventCategory "8"]
[SourceTitle "BritBase"]
[Source "John Saunders"]
[SourceDate "2022.12.30"]
[SourceVersion "1"]
[SourceVersionDate "2022.12.30"]
[SourceQuality "1"]

1. d4 e6 2. c4 Nf6 3. Nf3 Bb4+ 4. Bd2 c5 5. Bxb4 cxb4 6. a3 bxa3 7. Rxa3 O-O 8.
g3 d5 9. cxd5 exd5 10. Bg2 Nc6 11. O-O Re8 12. Nc3 Bg4 13. h3 Bxf3 14. Bxf3 Qd7
15. Kg2 h5 16. h4 g6 17. e3 Kg7 18. Qb3 Rad8 19. Qb5 Re7 20. b4 Qf5 21. Qa4
Red7 22. b5 Ne7 23. Qxa7 g5 24. hxg5 Qxg5 25. Rh1 Nf5 26. e4 dxe4 27. Nxe4 Nxe4
28. Bxe4 Nxd4 29. Re3 Qxb5 30. Qa1 f6 31. Qc3 Qg5 32. Bf3 Nxf3 33. Rxf3 Rf7 34.
Rh4 b5 35. Rhf4 Rd5 36. Qa3 Rc5 37. Qe3 Qd5 38. Rd4 Qe5 39. Re4 Qg5 40. Ref4
Qe5 41. Qd2 Rd5 42. Qc1 1/2-1/2